000 00568nam a2200169 i 4500
001 102518
003 ES-MaACL
005 20230906183127.0
007 t|
008 051111s1969 sp ||||1| baq d
100 1 _aMendizábal, Fernando.
_980209
245 1 0 _aEuskaldunentaat oiñarrizko gramatika... /
_cFernando Mendizábal; Xabier Egaña renmarrazkiak.
260 _aOñate (Guipuzcoa) :
_b[s.n.],
_c1969 (
_fGráf. del Santuario de Aranzazu)
300 _a305 p. :
_bil. ;
_c21 cm.
700 1 _aEgaña, Xabier.
_946693
852 _aES-MaACL
_jC-48338
_bR.71367
999 _c102518
_d102518